| 000 | 00805nam a2200205 u 4500 | ||
|---|---|---|---|
| 001 | 000507751 | ||
| 003 | AM-YeHGA | ||
| 005 | 20250617134824.0 | ||
| 008 | 061108s1989 ||| r 000 0 rus d | ||
| 020 | _a5265002197 | ||
| 040 | _aAM-YeHGA | ||
| 041 | 0 | _arus | |
| 100 | 1 | _aЦурикова, Галина Михайловна | |
| 245 | 1 | 0 |
_aСто прапорщиков : _bК портрету одного поколения : [О революционном движении в России в 19 в.] / _cГалина Цурикова. |
| 260 |
_aЛенинград : _bСов. писатель. Ленингр. отд-ние, _c1989. |
||
| 300 | _a416 с. | ||
| 653 | 0 | _aДекабристы | |
| 653 | 0 | _aРеволюционное движение в России - 19 в. | |
| 090 | _c189938 | ||
| 999 |
_c188470 _d188470 |
||